| 000 | 00625nam a2200241 a 4500 | ||
|---|---|---|---|
| 001 | nice12345678 | ||
| 003 | IN_TiNIC | ||
| 005 | 20260116012617.0 | ||
| 008 | 050524s1988 newa grp 000 0 eng | ||
| 020 |
_a _c190 |
||
| 082 | 0 | 0 |
_a954.8 _bBAH |
| 100 | _aBahadur, Lal | ||
| 245 |
_aStruggle for Pakistan _b Tragedy of the Triumph of Muslim Communalism in Indi |
||
| 260 |
_aNew Delhi _bSterling Publishers _c1988 |
||
| 300 | _a341p | ||
| 500 | _aincludes index and biblioraphy | ||
| 505 | 2 | _aIndex | |
| 650 | _aMuslim-India-politics | ||
| 650 | _aCommunalism | ||
| 902 | _bSRS | ||
| 942 | _cBK | ||
| 999 |
_c7665 _d7665 |
||